| 000 | 00000nam 2200000za 4500 |
| 001 | 9.801183 |
| 003 | CaOODSP |
| 005 | 20221107134741 |
| 007 | cr ||||||||||| |
| 008 | 160420s2015 onc ob f000 0 eng d |
| 020 | |a978-0-660-02506-3 |
| 040 | |aCaOODSP|beng |
| 043 | |an-cn--- |
| 086 | 1 |aHP40-143/2015E-PDF |
| 245 | 00|aLiterature review on Pediatric Fluad® influenza vaccine use in children 6-72 months of age |h[electronic resource]. |
| 246 | 1 |iAt head of title: |aAdvisory committee statement (ACS) - National Advisory Committee on Immunization (NACI) |
| 260 | |a[Ottawa] : |bPublic Health Agency of Canada, |c[2015] |
| 300 | |a19, [31] p. |
| 500 | |aIssued also in French under title: Revue de la documentation portant sur l'utilisation du vaccin contre la grippe Fluad PédiatriqueMC chez les enfants âgés de 6 à 72 mois. |
| 504 | |aIncludes bibliographical references. |
| 692 | 07|2gccst|aInfluenza |
| 692 | 07|2gccst|aChildren |
| 692 | 07|2gccst|aImmunization |
| 692 | 07|2gccst|aPatented medicines |
| 692 | 07|2gccst|aLiterature |
| 710 | 1 |aCanada. |bNational Advisory Committee on Immunization. |
| 710 | 2 |aPublic Health Agency of Canada. |
| 775 | 08|tRevue de la documentation portant sur l'utilisation du vaccin contre la grippe Fluad PédiatriqueMC chez les enfants âgés de 6 à 72 mois |w(CaOODSP)9.801184 |
| 856 | 40|qPDF|s1.23 MB|uhttps://publications.gc.ca/collections/collection_2016/aspc-phac/HP40-143-2015-eng.pdf |
| 986 | |a150029 |